| 000 | 00518cam a22001697a 4500 | ||
|---|---|---|---|
| 008 | 180718b2000 xxu||||| |||| 00| 0 eng d | ||
| 020 | _a0195645979 | ||
| 082 | _aC41x54 N629 | ||
| 245 |
_aHuman rights in India: historical, social and political perspectives _cedited by C.J. Nirmal |
||
| 260 |
_aNew Delhi _bOxford Univ. Press _c2000 |
||
| 300 | _a333p. | ||
| 650 | _aIndia - Social conditions | ||
| 650 | _aHuman rights - India | ||
| 650 | _aWritten Off | ||
| 650 | _a(77350-Written Off) | ||
| 700 | _aNirmal, C.J. | ||
| 999 |
_c399308 _d399308 |
||